000 00659nam a2200121Ia 4500
008 220615s9999||||xx |||||||||||||| ||und||
100 _aStorey, John||Holti, Richard
245 0 _aInnovating Healthcare
_bThe Role of Political, Managerial and Clinical Leadership
546 _aEnglish[eng]
650 _aChange Management||Clinical Leadership||Healthcare||Healthcare Policy||Health Management||Health Systems||Innovation||Innovation Challenges||Institutional Theory||Institutional Work||International Healthcare Systems||Leadership||Organizational Sociology
856 _uhttps://library.oapen.org/bitstream/20.500.12657/50893/1/9780429850318.pdf
942 _cEB
999 _c10516
_d10516